World Book Dictionary : Volume two L-Z (Record no. 3488)

MARC details
005 - DATE AND TIME OF LATEST TRANSACTION
control field 20250609095424.0
020 ## - INTERNATIONAL STANDARD BOOK NUMBER
International Standard Book Number 0-7166-0292-x
082 ## - DEWEY DECIMAL CLASSIFICATION NUMBER
Classification number REF 403 WOR
245 ## - TITLE STATEMENT
Title World Book Dictionary : Volume two L-Z
260 ## - PUBLICATION, DISTRIBUTION, ETC.
Place of publication, distribution, etc. London,
Name of publisher, distributor, etc. World Book Inc,
Date of publication, distribution, etc. 1992.
300 ## - PHYSICAL DESCRIPTION
Extent 2430p.: Ill.; figures.
Dimensions 28cm.
700 ## - ADDED ENTRY--PERSONAL NAME
Other authors/Editors BARNHART, C. L. & BARNHART, R. K.
942 ## - ADDED ENTRY ELEMENTS (KOHA)
Source of classification or shelving scheme Dewey Decimal Classification
Koha item type Books
Holdings
Date last seen Total checkouts Full call number Barcode Cost, replacement price Price effective from Koha item type Lost status Source of classification or shelving scheme Damaged status Not for loan Withdrawn status Home library Current library Shelving location Date acquired Cost, normal purchase price
06/29/2025   403 WOR DOM0004348 30000.00 06/29/2025 Books   Dewey Decimal Classification       CBE Dodoma CBE Dodoma Reference Collection 06/29/1999 10000.00
06/29/2025   403 WOR DOM0004349 30000.00 06/29/2025 Books   Dewey Decimal Classification       CBE Dodoma CBE Dodoma Reference Collection 06/29/1999 10000.00
06/09/2025   REF 403 WOR 00000011670 30000.00 06/09/2025 Books   Dewey Decimal Classification       College of Business Education Main Library College of Business Education Main Library Reference Collection 06/21/1991 10000.00
06/09/2025   REF 403 WOR 00000011671 30000.00 06/09/2025 Books   Dewey Decimal Classification       College of Business Education Main Library College of Business Education Main Library Reference Collection 06/21/1991 10000.00
06/09/2025   REF 403 WOR 00000011672 30000.00 06/09/2025 Books   Dewey Decimal Classification       College of Business Education Main Library College of Business Education Main Library Reference Collection 06/21/1991 10000.00
06/09/2025   REF 403 WOR 00000011673 30000.00 06/09/2025 Books   Dewey Decimal Classification       College of Business Education Main Library College of Business Education Main Library Reference Collection 06/21/1991 10000.00